Mid-appalachian silurian fossils. /
Guardado en:
| Autor Principal: | |
|---|---|
| Formato: | Libro |
| Idioma: | English |
| Publicado: |
Pennsylvania :
Pennsylvania State University. College of mineral industries,
1958.
|
| Series: | Contributions, 4
|
| Etiquetas: |
Agregar Etiqueta
Sin Etiquetas, Sea el primero en etiquetar este registro!
|
| LEADER | 00537nam a22001695a 4500 | ||
|---|---|---|---|
| 001 | EUN.um024007 | ||
| 003 | AR-BaUNS | ||
| 005 | 20050623122902.0 | ||
| 008 | 041125s1958####xxu###########000#0#eng#d | ||
| 245 | 1 | 0 | |a Mid-appalachian silurian fossils. / |c Frank M. Swartz. |
| 260 | |a Pennsylvania : |b Pennsylvania State University. College of mineral industries, |c 1958. | ||
| 300 | |a 16 h. | ||
| 490 | 0 | |a Contributions, 4 | |
| 100 | 1 | |a Swartz, Frank M. | |
| 082 | 0 | 4 | |a 560.172 |
| 082 | 0 | 4 | |a 557.4 |
| 859 | |a Ar-BaUNS |b BIB. CENTRAL - Sector C |h 560.172 |i Sw99-1 |p 79866/978 | ||
